A whole blood immunoassay using gold nanoshells /
Αποθηκεύτηκε σε:
| Άλλοι συγγραφείς: | , , , , |
|---|---|
| Μορφή: | Άρθρο |
| Γλώσσα: | English |
| Θέματα: | |
| Ετικέτες: |
Προσθήκη ετικέτας
Δεν υπάρχουν, Καταχωρήστε ετικέτα πρώτοι!
|
| Thư viện lưu trữ: | Thư viện Trường Đại học Đà Lạt |
|---|
| LEADER | 00992nam a2200361 4500 | ||
|---|---|---|---|
| 001 | DLU090097033 | ||
| 005 | ##20091201 | ||
| 040 | # | # | |a DLU |b eng |
| 041 | # | # | |a eng |
| 044 | # | # | |a us |
| 245 | # | # | |a A whole blood immunoassay using gold nanoshells / |c L. R. Hirsch ... [et al.]. |
| 653 | # | # | |a Antibody |
| 653 | # | # | |a Blood |
| 653 | # | # | |a Gold |
| 653 | # | # | |a Immunoglobulins |
| 653 | # | # | |a Immunological method |
| 653 | # | # | |a Nanoparticles |
| 653 | # | # | |a Ultraviolet visible spectrometry |
| 700 | # | # | |a Halas, N. J. |
| 700 | # | # | |a Hirsch, L. R. |
| 700 | # | # | |a Jackson, J. B. |
| 700 | # | # | |a Lee, A. |
| 700 | # | # | |a West, J. L. |
| 773 | # | # | |t Analytical Chemistry |g Vol. 75, no. 10 (May 2003), p. 2377-2381 |
| 920 | # | # | |a Phòng Tạp chí -- Trung tâm Thông tin - Thư viện Trường Đại học Đà Lạt |
| 994 | # | # | |a DLU |
| 900 | # | # | |a True |
| 911 | # | # | |a Trương Bảo Trâm Anh |
| 925 | # | # | |a G |
| 926 | # | # | |a A |
| 927 | # | # | |a BB |
| 980 | # | # | |a Thư viện Trường Đại học Đà Lạt |